Wielki test wiedzy o Dawid JASPER! - Statystyki

Ogólne statystyki
  • Ten quiz został rozwiązany 627 razy
  • Średni wynik to 21 z 51
Statystyki odpowiedzi
Pytanka Odpowiedzi % Poprawnych
Co Dawid próbował zabrać swemu zwierzęciu śpiewając: "Dawaj to ... A A A A" mięsko
91%
Dokończ tekst piosenki: "Niech to będzie ..." Zwariowana noc
84%
Czy Dawid posiada mame? Nie
80%
Czy Dawid potrafi czytać? Nie
80%
Czy Dawid potrafi pisac? nie
80%
Czy Jasper brał udział w konkursie tanecznym Ekipy Friza? tak
79%
Czy Jasper ma wbudowany sonar w głowie? Tak
79%
Czy Dawid bije miśke? Tak
79%
Czy Dawid miał kiedyś nienaturalny kolor włosów? tak
79%
Ile telefonów zostało wykonanych do ojca Jaspera w przeciągu 5 minut? 5
72%
Kim z wykształcenia jest Dawid Wójcik? Informatyk
67%
Pies Dawida nazywa się? Miśka
65%
Jak wiele zębów tzw. "jedynek" posiada Dawid? 0
63%
Jakiej drużynie piłkarskiej kibicuje Dawid? Legia
62%
Jaki jest minimalny wiek, który pozwala na umówienie się z Dawidem? 15
57%
Co Dawid zgolił za donate? Brwi
57%
Jak nazywał się folder na pulpicie Dawida pod PayDay2? dziewczynki
55%
Ile lat ma Dawid w 2023 roku? 32
53%
Czynność, z której Dawid jest najbardziej znany? gagri gagri
51%
Stopień upośledzenia Dawida to? umiarkowany
50%
Dokończ groźbę Ryszarda: " ... zaraz będziesz miał na ścianie!" Modem
49%
Jak nazywa się seria nocnych streamów Dawida, na których śpi? Nocne spanie
49%
Dokończ: "Ale mnie ten Ryszard ..." prowokuje
49%
Którą ze stron w wojnie Ukrainy z Rosją wspiera Dawid? Rosję
48%
Kto dusił Dawida podczas jednej z gal FAME MMA? Bagietson
47%
Dokończ: "Uważajcie, Jeden typ ma ..." Snajpe
45%
Jak nazywa się organizacja sportowa, którą Dawid zaczął szanować? LGBT
41%
Jak nazywa się brat Dawida? Aro
39%
W jakiej masce Dawid "straszył" ludzi na ome? spidermana
36%
Imię byłej Jaspera? Tamara
32%
Co wygrał Dawid Jasper w trakcie nocnego spania. "Gratulacje użytkowniku, wygrałeś nowego..." iPhona
30%
Dokończ: "Wiesia tapasita ... " O O
29%
Z kim Dawid prowadził transmisje IRL? Adamczyk
27%
Jak nazywa się czynność, którą wykonuje Dawid, w której uderza się w łokieć? łokieta
26%
Jak robią pingwinki? u u u u u u
26%
Za pośrednictwem jakiej strony internetowej Dawid porozumiewa się w internecie? Google Tłumacz
24%
Liczba kanałów Dawida na platformie youtube? n+1
21%
Jakie przysmaki ma Dawid dla swojego pieska Czekolada
20%
Gdzie wg. Dawida NIE znajduje się bomba? Boljerze
19%
Dokończ: "Nie jestem ... ty k*rwo!" heteroseksualny
15%
Z kim Dawid PRAWIE wygrał w CSGO? z Dzinoldem
12%
Najbardziej emocjonująca reakcja Dawida? aha
10%
Dokończ tekst rozmowy Jaspera z jego ojcem: "Wyłączyłem ci boljer ...." okokokokokok
10%
Z jakiego urządzenia przechwytywany jest dźwięk podczas transmisji Dawida? Z kamerki
9%
Dokończ: "I Argentyna dzisiaj wygrała ..." Bo wódki dzisiaj dużo tu miała
7%
Jak nazywał się dawny przyjaciel Dawida? Bumek
7%
Jak nazywają się efekty dźwiękowe wykonywane przez Dawida do rytmu? Big Box
5%
Do której godziny Dawid miał czas na gre? do 22:00
3%
Jaka była odpowiedź Jaspera na słowa "Nie ma mnie tutaj" wypowiedziane przez Ryszarda. Jesteś tata
3%
Jaki "swój biznes" reklamował dawniej na facebooku Dawid? Serwis komputerowy
3%
Jak Dawid tłumaczy dowody na jego rzekome bicie psa? To jest przerobione komputerowo
3%
Nie znaleziono quizów pasujących do podanych kryteriów
Rozkład punktacji
Procent ludzi z każdym wynikiem
Percentyl według liczby udzielonych odpowiedzi
Twoja historia wyników
Nie rozwiązałeś tego quizu